[Event "MCR mladeze 2014, D12"]
[Site "Kouty nad Desnou"]
[Date "2014.03.10"]
[Round "3"]
[White "Urbanova, Daniela"]
[Black "Steiningerova, Jana"]
[Result "1-0"]
[WhiteElo "1239"]
[BlackElo "1083"]
[PlyCount "111"]
[EventDate "2014.03.08"]

1. e4 d5 2. exd5 Nf6 3. Nc3 Nxd5 4. Nxd5 Qxd5 5. Nf3 Nc6 6. h3 g6 7. c3 Bg7 8.
d4 e5 9. Be3 O-O 10. dxe5 Qxd1+ 11. Rxd1 Nxe5 12. Nxe5 Bxe5 13. Bc4 Bf5 14. O-O
Rad8 15. Bg5 Rxd1 16. Rxd1 Bc2 17. Rd2 Be4 18. Re2 Bd3 19. Bxd3 Re8 20. Bf4 f6
21. Bc4+ Kh8 22. Bxe5 fxe5 23. f4 e4 24. Bd5 e3 25. Bxb7 Rd8 26. Rxe3 Rd1+ 27.
Kh2 Rd2 28. Re8+ Kg7 29. Re7+ Kh8 30. Rxc7 Rxb2 31. Bd5 a5 32. Bb3 a4 33. Bxa4
Rxa2 34. Ra7 Rf2 35. c4 Rxf4 36. c5 h5 37. c6 Rc4 38. c7 g5 39. Ra8+ Kg7 40.
c8=Q Rxc8 41. Rxc8 Kf6 42. Rc5 Kg7 43. g4 Kh6 44. Rc6+ Kg7 45. gxh5 Kh7 46. h6
Kh8 47. Rc7 Kg8 48. Bb3+ Kh8 49. Bc2 Kg8 50. h7+ Kh8 51. Rc8+ Kg7 52. h8=Q+ Kf7
53. Rc6 Ke7 54. Qg7+ Kd8 55. Rd6+ Ke8 56. Ba4# 1-0

[Event "MCR mladeze 2014, D12"]
[Site "Kouty nad Desnou"]
[Date "2014.03.10"]
[Round "3"]
[White "Postranecka, Zuzana"]
[Black "Kocourkova, Klara"]
[Result "0-1"]
[WhiteElo "1100"]
[BlackElo "1297"]
[PlyCount "66"]
[EventDate "2014.03.08"]

1. e4 d5 2. exd5 Nf6 3. Nc3 Nxd5 4. Bc4 Nxc3 5. bxc3 e6 6. d4 Be7 7. Nf3 O-O 8.
O-O b6 9. d5 Bf6 10. Ba3 Re8 11. Bb5 Bd7 12. Bc4 Bxc3 13. Rb1 exd5 14. Bxd5 Bc6
15. Qd3 Qxd5 16. Qxc3 Qxa2 17. Bb2 f6 18. Qxc6 Nxc6 19. Nd2 Rad8 20. Nf3 Nb4
21. c3 Nd3 22. Bc1 Qxb1 23. Bf4 Ne1 24. g3 Nxf3+ 25. Kg2 Qe4 26. Bxc7 Rd5 27.
Rc1 Nh4+ 28. Kh3 Qg2+ 29. Kxh4 g5+ 30. Kg4 h5+ 31. Kxh5 Qh3+ 32. Kg6 Qh7+ 33.
Kxf6 Qf7# 0-1

[Event "MCR mladeze 2014, D12"]
[Site "Kouty nad Desnou"]
[Date "2014.03.11"]
[Round "4"]
[White "Pribylova, Sofie"]
[Black "Nemcova, Karin"]
[Result "1-0"]
[WhiteElo "1540"]
[BlackElo "1696"]
[PlyCount "141"]
[EventDate "2014.??.??"]

1. d4 d5 2. c4 c6 3. Nc3 Nf6 4. Nf3 dxc4 5. a4 Bf5 6. e3 e6 7. Bxc4 Bb4 8. O-O
O-O 9. Bd2 Qb6 10. Rc1 Nbd7 11. Ne2 Ne4 12. Bxb4 Qxb4 13. Qb3 Qxb3 14. Bxb3
Rac8 15. Nc3 Ndf6 16. Rfd1 c5 17. Nh4 Bg6 18. Nxg6 hxg6 19. Nxe4 Nxe4 20. f3
Nf6 21. dxc5 Rfd8 22. Rxd8+ Rxd8 23. Bc4 Rc8 24. Bb5 Nd5 25. Kf2 Nb4 26. Ke2 a6
27. Bd3 b6 28. c6 Kf8 29. c7 Ke7 30. Be4 Kd6 31. Kd2 Rxc7 32. Rxc7 Kxc7 33. Kc3
a5 34. f4 Kd6 35. Kc4 Kc7 36. h4 Kd6 37. Kb5 Kc7 38. g4 f6 39. Bxg6 Nd5 40. Bf7
Nxe3 41. Bxe6 Ng2 42. f5 Ne3 43. g5 Ng4 44. b4 axb4 45. Kxb4 Kc6 46. Kc4 Ne5+
47. Kb4 Ng4 48. Bc4 Ne3 49. gxf6 gxf6 50. Be6 Ng4 51. Kc4 Ne3+ 52. Kd4 Ng4 53.
Ke4 Kd6 54. Kf4 Ne5 55. h5 Ke7 56. h6 Kf8 57. Ke4 Ng4 58. h7 Kg7 59. Bg8 Ne5
60. Kd5 Kh8 61. Ke6 Kg7 62. Ke7 Nd3 63. Bb3 Nc5 64. Bc2 Na6 65. h8=Q+ Kxh8 66.
Kxf6 Nc5 67. Ke7 Na6 68. f6 Nc7 69. f7 Nd5+ 70. Ke8 Nc7+ 71. Kd7 1-0

[Event "MCR mladeze 2014, D12"]
[Site "Kouty nad Desnou"]
[Date "2014.03.11"]
[Round "4"]
[White "Gresova, Zuzana"]
[Black "Richterova, Julie"]
[Result "1-0"]
[WhiteElo "1550"]
[BlackElo "1506"]
[PlyCount "111"]
[EventDate "2014.??.??"]

1. e4 c6 2. Nc3 d5 3. Nf3 Bg4 4. h3 Bh5 5. d4 dxe4 6. Nxe4 Bg6 7. Bd3 Nd7 8.
O-O Ngf6 9. Ng3 Bxd3 10. Qxd3 e6 11. Re1 Be7 12. Bd2 O-O 13. Re2 Qc7 14. c3
Rad8 15. Qc2 Bd6 16. Ne4 Nxe4 17. Rxe4 Nf6 18. Rh4 Be7 19. Bg5 h6 20. Bf4 Bd6
21. Bxh6 gxh6 22. Qd2 Nh7 23. Re1 Kh8 24. Qxh6 f6 25. Rxe6 Qg7 26. Qxg7+ Kxg7
27. Ree4 f5 28. Re6 Rfe8 29. Rhh6 Nf8 30. Rxd6 Rxd6 31. Rxd6 Re2 32. b3 Rxa2
33. Nh4 f4 34. Rd8 Ra3 35. Ra8 a6 36. b4 Ne6 37. Re8 Kf7 38. Rb8 Rxc3 39. Rxb7+
Kf6 40. Rb6 Nxd4 41. Rxa6 Rc1+ 42. Kh2 Rc2 43. Nf3 Nxf3+ 44. gxf3 Rxf2+ 45. Kg1
Rc2 46. b5 Rc1+ 47. Kf2 Rc2+ 48. Ke1 Ke6 49. Rxc6+ Rxc6 50. bxc6 Kd6 51. Kd2
Kxc6 52. Kc2 Kd5 53. Kd3 Ke5 54. Kc4 Ke6 55. Kd4 Kf5 56. Kd5 1-0

[Event "MCR mladeze 2014, D12"]
[Site "Kouty nad Desnou"]
[Date "2014.03.11"]
[Round "4"]
[White "Laurincova, Kristyna"]
[Black "Janotkova, Katerina"]
[Result "1-0"]
[WhiteElo "1476"]
[BlackElo "1023"]
[PlyCount "37"]
[EventDate "2014.??.??"]

1. e4 e5 2. Nf3 Nf6 3. Nc3 Nc6 4. Bb5 Bc5 5. O-O O-O 6. d3 d6 7. Bg5 a6 8. Ba4
Bg4 9. Nd5 Nd4 10. Nxf6+ gxf6 11. Bh6 Re8 12. Bxe8 Qxe8 13. Kh1 Nxf3 14. gxf3
Bh3 15. Rg1+ Kh8 16. Qd2 c6 17. Bg7+ Kg8 18. Bxf6+ Kf8 19. Qh6# 1-0

[Event "MCR mladeze 2014, D12"]
[Site "Kouty nad Desnou"]
[Date "2014.03.11"]
[Round "4"]
[White "Otrubova, Kristyna"]
[Black "Markova, Kristyna"]
[Result "0-1"]
[WhiteElo "1192"]
[BlackElo "1366"]
[PlyCount "70"]
[EventDate "2014.??.??"]

1. e4 e5 2. Nf3 Nf6 3. Nc3 Bb4 4. Nxe5 O-O 5. Be2 Re8 6. Nd3 Bxc3 7. dxc3 Nxe4
8. O-O d5 9. Nf4 Nf6 10. Be3 Nc6 11. Qd2 Be6 12. Rad1 Qd7 13. Bf3 Rad8 14. Rfe1
Ne5 15. Be2 Bf5 16. b3 Ne4 17. Qxd5 Nxc3 18. Qxd7 Rxd7 19. Rxd7 Nxd7 20. Bf3 c6
21. a3 Ne5 22. Kf1 Nxf3 23. gxf3 Nd5 24. Nxd5 cxd5 25. c3 Bc2 26. b4 Re6 27.
Rc1 Bd3+ 28. Kg2 Rg6+ 29. Kh3 Bf5+ 30. Kh4 Rg2 31. Rh1 h6 32. Kh5 Kh7 33. f4
g6+ 34. Kh4 Rg4+ 35. Kh3 Rg1+ 0-1

[Event "MCR mladeze 2014, D12"]
[Site "Kouty nad Desnou"]
[Date "2014.03.11"]
[Round "4"]
[White "Schwarzova, Natalie"]
[Black "Urbanova, Daniela"]
[Result "1-0"]
[WhiteElo "1072"]
[BlackElo "1239"]
[PlyCount "59"]
[EventDate "2014.03.08"]

1. e4 e5 2. Nf3 Nc6 3. d4 exd4 4. Bc4 Bc5 5. c3 dxc3 6. Bxf7+ Kxf7 7. Qd5+ Ke8
8. Qxc5 d6 9. Qxc3 Qe7 10. O-O Nf6 11. Nbd2 Kd8 12. Re1 Bg4 13. e5 Bxf3 14.
Nxf3 dxe5 15. Nxe5 Nxe5 16. Rxe5 Qf7 17. Bf4 c6 18. Rd1+ Kc8 19. Qh3+ Nd7 20.
g3 h6 21. Re2 Rd8 22. Red2 a5 23. Be3 Ra6 24. Qg4 g5 25. f4 gxf4 26. Bxf4 h5
27. Qe2 Qf5 28. Rxd7 Rxd7 29. Qe8+ Rd8 30. Qxd8# 1-0

[Event "MCR mladeze 2014, D12"]
[Site "Kouty nad Desnou"]
[Date "2014.03.11"]
[Round "4"]
[White "Beranova, Karin"]
[Black "Vilimova, Julie"]
[Result "0-1"]
[WhiteElo "1366"]
[BlackElo "1567"]
[PlyCount "152"]
[EventDate "2014.03.08"]

1. e4 c5 2. Nf3 Nc6 3. d4 cxd4 4. Nxd4 g6 5. Nc3 Bg7 6. Be3 Nf6 7. Be2 O-O 8.
Nb3 d6 9. f4 Bd7 10. g4 Rc8 11. f5 Nb4 12. Qd2 Nxe4 13. Nxe4 Nxc2+ 14. Kf2 Nxa1
15. Rxa1 Bc6 16. Ng3 a6 17. Bh6 Qb6+ 18. Be3 Qc7 19. Bh6 Qd7 20. Bxg7 Kxg7 21.
Rg1 Rg8 22. Qd4+ Kf8 23. fxg6 hxg6 24. Rf1 Qe6 25. Kg1 Qd5 26. Qf2 f6 27. Bf3
Qf7 28. Bxc6 Rxc6 29. Re1 e5 30. Rf1 Kg7 31. Ne4 Rf8 32. Na5 Rc7 33. Nxd6 Qe6
34. Ndxb7 Qxg4+ 35. Kh1 Qe4+ 36. Kg1 Rxb7 37. Nxb7 Qxb7 38. Rd1 Qc7 39. Qe2 Qc6
40. Qd2 Qc5+ 41. Kf1 Rf7 42. Qf2 Qxf2+ 43. Kxf2 Rb7 44. b3 Rc7 45. Kg1 Rc6 46.
Rd7+ Kh6 47. Ra7 Kg5 48. Kg2 Kf4 49. Rd7 f5 50. b4 Rc2+ 51. Kf1 Rxa2 52. Rc7 e4
53. h4 Kf3 54. Rc3+ e3 55. Rc1 Rh2 56. Kg1 Rxh4 57. Rf1+ Ke4
58. Re1 f4 59. Rc1 Kf3 60. Rf1+ Ke2 61. Ra1 f3 62. Ra2+ Kd3 63. Ra3+ Ke4 64. b5
f2+ 65. Kg2 Rg4+ 66. Kf1 Kf3 67. Rxe3+ Kxe3 68. bxa6 Ra4 69. a7 Rxa7 70. Kg2
Ke2 71. Kg3 f1=Q 72. Kg4 Ra5 73. Kh4 Qf4+ 74. Kh3 Ra3+ 75. Kg2 Qf2+ 76. Kh1
Ra1# 0-1

[Event "MCR mladeze 2014, D12"]
[Site "Kouty nad Desnou"]
[Date "2014.03.11"]
[Round "4"]
[White "Lorencova, Michaela"]
[Black "Jordova, Zdenka"]
[Result "1-0"]
[WhiteElo "1256"]
[BlackElo "1050"]
[PlyCount "109"]
[EventDate "2014.03.08"]

1. e4 c5 2. Nf3 d6 3. d4 cxd4 4. Nxd4 Nf6 5. Nc3 g6 6. Be2 Bg7 7. Be3 O-O 8.
O-O Nc6 9. Qd2 Bd7 10. Rad1 Rc8 11. Nxc6 Bxc6 12. f3 a6 13. Bh6 b5 14. Bxg7
Kxg7 15. a3 Qb6+ 16. Qd4 Qc7 17. f4 Rfd8 18. e5 dxe5 19. Qxe5 Qb6+ 20. Kh1 Bb7
21. Qxe7 Qc6 22. Bf3 Qb6 23. Qxb7 Qe6 24. Rfe1 Qf5 25. Rxd8 Rxd8 26. Ne4 Nxe4
27. Qxe4 Qd7 28. Qe5+ Kg8 29. Qe2 Qd4 30. Qd1 Qf6 31. Qc1 Qh4 32. g3 Qf6 33. b4
Qc3 34. Be4 Rd4 35. Qe3 Qb2 36. c3 Rc4 37. Bd3 Rxc3 38. Qe8+ Kg7 39. Qe5+ Kg8
40. Qe8+ Kg7 41. Re7 Rc1+ 42. Re1 Qd2 43. Rf1 Qxd3 44. Rxc1 Qf3+ 45. Kg1 Qd3
46. Qe5+ f6 47. Qe7+ Kh6 48. Qf8+ Kh5 49. Rc5+ Kg4 50. Qc8+ Kf3 51. Rc3 Qe3+
52. Rxe3+ Kxe3 53. Qe6+ Kf3 54. Kf1 f5 55. Qe2# 1-0

[Event "MCR mladeze 2014, D12"]
[Site "Kouty nad Desnou"]
[Date "2014.03.11"]
[Round "4"]
[White "Kocourkova, Klara"]
[Black "Vaskova, Marie"]
[Result "1/2-1/2"]
[WhiteElo "1297"]
[BlackElo "1348"]
[PlyCount "100"]
[EventDate "2014.03.08"]

1. Nf3 Nf6 2. d4 g6 3. c4 d6 4. Nc3 Bg7 5. e4 Bg4 6. Be2 O-O 7. O-O Nbd7 8. Be3
c5 9. d5 Bxf3 10. Bxf3 Ne5 11. Be2 Qd7 12. h3 Qc7 13. Bf4 Ned7 14. Bd3 a6 15.
a3 Nb6 16. Qe2 Nfd7 17. Rfc1 Rac8 18. Rab1 Bd4 19. Be3 Ne5 20. Bxd4 cxd4 21.
Na2 Nxd3 22. Qxd3 Nxc4 23. Qxd4 Qc5 24. Qd3 Qb5 25. Rd1 Ne5 26. Qxb5 axb5 27.
Nb4 Rc4 28. f3 Rfc8 29. Na2 Kg7 30. Nc3 b4 31. Na4 Nd7 32. axb4 Rxb4 33. Nc3
Kf6 34. Kf2 Nb6 35. Rdc1 Ke5 36. Nd1 Rxc1 37. Rxc1 Rc4 38. Rc3 Rxc3 39. bxc3
Nc4 40. Ke2 Kf4 41. Kf2 b6 42. g3+ Ke5 43. Ke2 b5 44. Kd3 f5 45. Nf2 Nb2+ 46.
Kc2 Nc4 47. Kd3 fxe4+ 48. fxe4 h5 49. h4 Nb2+ 50. Kc2 Nc4 1/2-1/2

[Event "MCR mladeze 2014, D12"]
[Site "Kouty nad Desnou"]
[Date "2014.03.11"]
[Round "4"]
[White "Postranecka, Zuzana"]
[Black "Solcova, Andrea"]
[Result "0-1"]
[WhiteElo "1100"]
[BlackElo "1260"]
[PlyCount "82"]
[EventDate "2014.03.08"]

1. e4 e5 2. Nf3 Nc6 3. Bc4 Nf6 4. d3 Bc5 5. Nxe5 Nxe5 6. d4 Nxc4 7. dxc5 Nxe4
8. Qe2 Qe7 9. Qxc4 Ng3+ 10. Be3 Nxh1 11. Qe2 Nxf2 12. Qxf2 d6 13. Qe2 dxc5 14.
Bxc5 Qxe2+ 15. Kxe2 Bf5 16. Kd2 O-O-O+ 17. Kc3 b6 18. Be7 Rd1 19. b3 Re8 20.
Bh4 Re2 21. Kb4 Bxc2 22. Nc3 Rxa1 23. Nxe2 Rxa2 24. Nd4 c5+ 25. Kc4 cxd4 26.
Kxd4 Bxb3 27. Ke5 a5 28. Bf2 Rxf2 29. Kd4 a4 30. Ke3 a3 31. Kxf2 a2 32. g4 Bd1
33. Kg3 Bxg4 34. Kxg4 f5+ 35. Kxf5 g5 36. Kxg5 a1=R 37. Kf4 b5 38. Ke3 b4 39.
Kd3 b3 40. Kc3 Rh1 41. Kxb3 Rxh2 0-1

[Event "MCR mladeze 2014, D12"]
[Site "Kouty nad Desnou"]
[Date "2014.03.11"]
[Round "5"]
[White "Gresova, Zuzana"]
[Black "Pribylova, Sofie"]
[Result "1-0"]
[WhiteElo "1550"]
[BlackElo "1540"]
[PlyCount "71"]
[EventDate "2014.??.??"]

1. e4 c5 2. Nc3 d6 3. g3 Nf6 4. Bg2 Nc6 5. d3 g6 6. f4 e6 7. Nf3 Bg7 8. O-O O-O
9. Ne2 Qc7 10. h3 Ne8 11. g4 f5 12. Ng3 Kh8 13. c3 Bd7 14. g5 Rc8 15. h4 h5 16.
gxh6 Bxh6 17. Ng5 Nf6 18. h5 Bxg5 19. fxg5 Ng4 20. exf5 exf5 21. Bf4 Rce8 22.
Bf3 Ne3 23. Bxe3 Rxe3 24. Re1 Rfe8 25. Rxe3 Rxe3 26. Kf2 Re8 27. hxg6 Kg7 28.
Nh5+ Kxg6 29. Nf4+ Kg7 30. Bxc6 Bxc6 31. Qh5 Qf7 32. Qh6+ Kg8 33. Nh5 Re6 34.
Nf6+ Rxf6 35. gxf6 Qh7 36. Rg1+ 1-0

[Event "MCR mladeze 2014, D12"]
[Site "Kouty nad Desnou"]
[Date "2014.03.11"]
[Round "5"]
[White "Nemcova, Karin"]
[Black "Schwarzova, Natalie"]
[Result "1-0"]
[WhiteElo "1696"]
[BlackElo "1072"]
[PlyCount "77"]
[EventDate "2014.??.??"]

1. e4 d5 2. exd5 Nf6 3. d4 Nxd5 4. Nf3 Nc6 5. c4 Ndb4 6. a3 Na6 7. d5 Na5 8. b4
Nxc4 9. Bxc4 Bg4 10. O-O Qd6 11. Bb5+ Bd7 12. Bxd7+ Qxd7 13. Bf4 g6 14. Qd4 Rg8
15. Ne5 Bg7 16. Qe4 Bxe5 17. Qxe5 O-O-O 18. Nc3 f6 19. Qe6 Qxe6 20. dxe6 Nb8
21. Rad1 Nc6 22. Nb5 Ne5 23. Bxe5 fxe5 24. Rfe1 Kb8 25. g3 Rgf8 26. Rxd8+ Rxd8
27. Rxe5 a6 28. Nc3 Rd3 29. Re3 Rxe3 30. fxe3 Ka7 31. Nd5 c6 32. Nxe7 Kb8 33.
Ng8 Kc7 34. e4 Kd6 35. e7 Kd7 36. e5 Ke8 37. Kf2 Kf7 38. Ke3 Kxg8 39. e8=Q+ 1-0

[Event "MCR mladeze 2014, D12"]
[Site "Kouty nad Desnou"]
[Date "2014.03.11"]
[Round "5"]
[White "Markova, Kristyna"]
[Black "Laurincova, Kristyna"]
[Result "1-0"]
[WhiteElo "1366"]
[BlackElo "1476"]
[PlyCount "79"]
[EventDate "2014.??.??"]

1. d4 d5 2. Nc3 Nf6 3. Bg5 e6 4. e4 h6 5. Bxf6 gxf6 6. exd5 exd5 7. Qf3 Be6 8.
a3 Rg8 9. h3 Bd6 10. O-O-O a6 11. Re1 c6 12. Qh5 Bf4+ 13. Kd1 Qe7 14. g3 Bd6
15. Qxh6 Nd7 16. Bd3 O-O-O 17. Nf3 Rh8 18. Qd2 Qf8 19. Nh4 Nb6 20. Nf5 Nc4 21.
Bxc4 Bxf5 22. g4 Bxg4+ 23. hxg4 Rxh1 24. Rxh1 dxc4 25. Ne4 Bxa3 26. bxa3 Qxa3
27. c3 Qb3+ 28. Kc1 a5 29. Nc5 Qa3+ 30. Qb2 Qxb2+ 31. Kxb2 b6 32. Ne4 a4 33.
Rh6 b5 34. Rxf6 Kb7 35. Rxf7+ Kb6 36. Re7 Ra8 37. Ka3 Rf8 38. Kb4 Ra8 39. Nc5
a3 40. Rb7# 1-0

[Event "MCR mladeze 2014, D12"]
[Site "Kouty nad Desnou"]
[Date "2014.03.11"]
[Round "5"]
[White "Richterova, Julie"]
[Black "Lorencova, Michaela"]
[Result "1-0"]
[WhiteElo "1506"]
[BlackElo "1256"]
[PlyCount "91"]
[EventDate "2014.??.??"]

1. d4 d5 2. c4 c6 3. Nc3 Nf6 4. Nf3 Bg4 5. Bg5 e6 6. cxd5 exd5 7. e3 Be7 8. h3
Bh5 9. Be2 h6 10. Bh4 Nbd7 11. O-O O-O 12. Rb1 Rc8 13. b4 a6 14. a4 b5 15. axb5
axb5 16. Qc2 Bxf3 17. Bxf3 Qc7 18. Bg3 Bd6 19. Bxd6 Qxd6 20. Rfc1 Nb6 21. Be2
Qe6 22. Bd3 Qe7 23. Bf5 Rce8 24. Ne2 Nc4 25. Rb3 Ne4 26. Bxe4 Qxe4 27. Qxe4
Rxe4 28. Ra1 Ree8 29. Ra6 Rc8 30. Nf4 Rfe8 31. Nd3 Re6 32. Nc5 Rg6 33. Rb1 Rd6
34. Rba1 Rdd8 35. Ra7 Kf8 36. Rb7 Ke8 37. Raa7 Nd6 38. Re7+ Kf8 39. Rec7 Ne8
40. Rxf7+ Kg8 41. Ne6 Rd6 42. Rf8+ Kh7 43. Re7 Rb8 44. Rexe8 Rxe8 45. Rxe8 Rd7
46. Nf8+ 1-0

[Event "MCR mladeze 2014, D12"]
[Site "Kouty nad Desnou"]
[Date "2014.03.11"]
[Round "5"]
[White "Vilimova, Julie"]
[Black "Solcova, Andrea"]
[Result "1-0"]
[WhiteElo "1567"]
[BlackElo "1260"]
[PlyCount "42"]
[EventDate "2014.03.08"]

1. e4 e5 2. Nf3 Nc6 3. Nc3 Nf6 4. d4 exd4 5. Nxd4 Bb4 6. Nxc6 bxc6 7. Bd3 d5 8.
exd5 cxd5 9. O-O O-O 10. h3 c6 11. Qf3 Be6 12. Bf4 Bd6 13. Ne2 h6 14. Bxd6 Qxd6
15. Nf4 Rae8 16. Rae1 Bd7 17. Nh5 Nxh5 18. Qxh5 Qf6 19. b3 Qd6 20. a4 a5 21.
Qf3 Qb4 {Necitelny zapis} 1-0

[Event "MCR mladeze 2014, D12"]
[Site "Kouty nad Desnou"]
[Date "2014.03.11"]
[Round "5"]
[White "Urbanova, Daniela"]
[Black "Otrubova, Kristyna"]
[Result "1/2-1/2"]
[WhiteElo "1239"]
[BlackElo "1192"]
[PlyCount "75"]
[EventDate "2014.03.08"]

1. e4 e5 2. Nf3 Nc6 3. Bc4 Bc5 4. Nc3 Nf6 5. d3 O-O 6. Bg5 Be7
7. O-O d6 8. h3 h6 9. Bh4 Nxe4 10. Bxe7 Nxc3 11. Bxd8 Nxd1 12. Bxc7 Nxb2 13.
Bxd6 Re8 14. Bb3 b5 15. a4 Nxa4 16. Bxa4 bxa4 17. Rxa4 Bd7 18. Rc4 f6 19. Re1
Re6 20. Ba3 Rb8 21. d4 Nxd4 22. Nxd4 exd4 23. Rxe6 Bxe6 24. Rxd4 Kf7 25. c4 Rc8
26. c5 Ke8 27. Bb4 Rd8 28. Re4 Kf7 29. c6 Rc8 30. Bc5 a6 31. Ra4 Rxc6 32. Ra5
Bc4 33. f3 Bb5 34. Be3 Ke6 35. Kf2 Ke5 36. Ke1 Kd5 37. Kd1 Kc4 38. Bd2 1/2-1/2

[Event "MCR mladeze 2014, D12"]
[Site "Kouty nad Desnou"]
[Date "2014.03.11"]
[Round "5"]
[White "Janotkova, Katerina"]
[Black "Kocourkova, Klara"]
[Result "0-1"]
[WhiteElo "1023"]
[BlackElo "1297"]
[PlyCount "75"]
[EventDate "2014.03.08"]

1. e4 d5 2. exd5 Nf6 3. c4 c6 4. d4 cxd5 5. Nc3 e6 6. Nf3 Nc6 7. Be3 Be7 8. Bd3
dxc4 9. Bxc4 O-O 10. O-O b6 11. Qd2 Bb7 12. Rad1 h6 13. Rfe1 Rc8 14. Ne2 Na5
15. Bd3 Bxf3 16. gxf3 Nc6 17. Kh1 Bb4 18. Nc3 Bxc3 19. bxc3 Qd5 20. Be2 Rc7 21.
Rg1 Ne7 22. Bxh6 Ng6 23. Bf4 Rfc8 24. c4 Qf5 25. Be3 Kh7 26. Rg3 Rh8 27. Rdg1
Kg8 28. f4 Ne4 29. Bd3 Nxg3+ 30. Rxg3 Qh5 31. Rg2 Qf3 32. Qe2 Qxe2 33. Bxe2 Rh4
34. Bg4 Ne7 35. Kg1 Rxc4 36. Be2 Rc2 37. Bd3 Rxa2 38. h3 {Necitelny zapis} 0-1

[Event "MCR mladeze 2014, D12"]
[Site "Kouty nad Desnou"]
[Date "2014.03.11"]
[Round "5"]
[White "Steiningerova, Jana"]
[Black "Jordova, Zdenka"]
[Result "1-0"]
[WhiteElo "1083"]
[BlackElo "1050"]
[PlyCount "43"]
[EventDate "2014.03.08"]

1. e4 c5 2. Nf3 d6 3. Bb5+ Bd7 4. Bxd7+ Qxd7 5. Nc3 g6 6. O-O
Bg7 7. d3 Nf6 8. Bf4 O-O 9. Qd2 Re8 10. Bh6 Bh8 11. Nd5 Nxd5 12. exd5 Bxb2 13.
Rae1 Na6 14. d4 Nb4 15. Qf4 Nxa2 16. Ng5 f6 17. Ne6 Bc3 18. Re3 Bd2 19. Qh4
Bxe3 20. Bxe3 cxd4 21. Qh6 dxe3 22. Qg7# 1-0

[Event "MCR mladeze 2014, D12"]
[Site "Kouty nad Desnou"]
[Date "2014.03.12"]
[Round "6"]
[White "Markova, Kristyna"]
[Black "Gresova, Zuzana"]
[Result "1/2-1/2"]
[WhiteElo "1366"]
[BlackElo "1550"]
[PlyCount "97"]
[EventDate "2014.??.??"]

1. e4 c5 2. c4 Nc6 3. Nf3 g6 4. Nc3 Bg7 5. Be2 a6 6. d3 d6 7. Be3 e6 8. d4 cxd4
9. Nxd4 Nge7 10. Nxc6 bxc6 11. c5 d5 12. exd5 cxd5 13. Bf3 Bd7 14. Bd4 f6 15.
Na4 Qa5+ 16. Nc3 Nf5 17. O-O O-O 18. Nxd5 Rad8 19. Bc3 Qb5 20. Be2 Qb7 21. Ne3
Nxe3 22. fxe3 Bc6 23. Qb3 Qc8 24. Rad1 Bd5 25. Qa3 Qc6 26. Qxa6 Qxc5 27. Bd4
Qe7 28. a3 Ra8 29. Qd3 f5 30. Bf3 Bxf3 31. gxf3 Rfd8 32. Qe2 Bxd4 33. Rxd4 Rxd4
34. exd4 Qd6 35. Qe5 Qb6 36. Rc1 Rd8 37. Rc7 Qxd4+ 38. Qxd4 Rxd4 39. Rb7 Rd2
40. b3 Ra2 41. a4 g5 42. h3 h5 43. Re7 Ra3 44. Rxe6 Rxb3 45. Rg6+ Kf7 46. Rxg5
Rxf3 47. Rxh5 Kg6 48. Kg2 Rf4 49. Kg3 1/2-1/2

[Event "MCR mladeze 2014, D12"]
[Site "Kouty nad Desnou"]
[Date "2014.03.12"]
[Round "6"]
[White "Richterova, Julie"]
[Black "Nemcova, Karin"]
[Result "0-1"]
[WhiteElo "1506"]
[BlackElo "1696"]
[PlyCount "98"]
[EventDate "2014.??.??"]

1. d4 d5 2. c4 c6 3. cxd5 cxd5 4. Nc3 Nc6 5. Bf4 Bf5 6. e3 e6 7. Nf3 Nf6 8. Qb3
Qb6 9. Qxb6 axb6 10. Nb5 Bb4+ 11. Kd1 O-O 12. Bc7 Ng4 13. Ke2 Na5 14. h3 Nf6
15. Rc1 Nc4 16. a3 Be7 17. Ke1 Nxb2 18. Bxb6 Nd3+ 19. Bxd3 Bxd3 20. Na7 Bxa3
21. Ra1 Bb4+ 22. Kd1 Nd7 23. Ne5 Nxe5 24. dxe5 Rfc8 25. Rc1 Rxc1+ 26. Kxc1 Ba5
27. Bxa5 Rxa7 28. Bc3 Ra2 29. Bb2 b5 30. Rd1 Bc4 31. Rd2 b4 32. Bd4 Rxd2 33.
Kxd2 h5 34. h4 Kh7 35. f4 Kg6 36. g3 Kf5 37. Ke1 Ke4 38. Kf2 Kd3 39. Kf3 b3 40.
g4 hxg4+ 41. Kxg4 Kc2 42. f5 exf5+ 43. Kxf5 Bd3+ 44. Kg5 b2 45. Bxb2 Kxb2 46.
Kf4 Kc3 47. Kg4 Be4 48. Kg3 Kd3 49. Kf4 Ke2 0-1

[Event "MCR mladeze 2014, D12"]
[Site "Kouty nad Desnou"]
[Date "2014.03.12"]
[Round "6"]
[White "Pribylova, Sofie"]
[Black "Vilimova, Julie"]
[Result "1/2-1/2"]
[WhiteElo "1540"]
[BlackElo "1573"]
[PlyCount "106"]
[EventDate "2014.??.??"]

1. d4 d5 2. c4 e6 3. Nc3 Nf6 4. Nf3 Be7 5. Bf4 O-O 6. c5 Nbd7 7. h3 c6 8. e3 b6
9. b4 a5 10. a3 Bb7 11. Bd3 Qc8 12. O-O Ba6 13. Bxa6 Rxa6 14. Ra2 Qb7 15. Qc2
Rfa8 16. Rfa1 h6 17. Bh2 Bd8 18. Ne5 Bc7 19. Nxd7 Bxh2+ 20. Kxh2 Nxd7 21. f4
axb4 22. axb4 Rxa2 23. Rxa2 Rxa2 24. Qxa2 bxc5 25. bxc5 f6 26. Qb1 Qxb1 27.
Nxb1 e5 28. Kg3 Kf7 29. Nd2 Kg6 30. Nb3 e4 31. Na5 Nb8 32. Kh4 h5 33. g4 hxg4
34. hxg4 f5 35. g5 Kh7 36. Kg3 g6 37. Kf2 Kg7 38. Ke2 Kf7 39. Kd2 Ke7 40. Kc3
Kd7 41. Nb7 Kc7 42. Nd6 Nd7 43. Kb4 Nb8 44. Nf7 Nd7 45. Ne5 Nf8 46. Ka5 Kb7 47.
Nf7 Nd7 48. Nd8+ Kc7 49. Nf7 Kb7 50. Nd6+ Kc7 51. Ka6 Nb8+ 52. Ka7 Nd7 53. Nb7
Nb8 1/2-1/2

[Event "MCR mladeze 2014, D12"]
[Site "Kouty nad Desnou"]
[Date "2014.03.12"]
[Round "6"]
[White "Laurincova, Kristyna"]
[Black "Schwarzova, Natalie"]
[Result "1-0"]
[WhiteElo "1476"]
[BlackElo "1072"]
[PlyCount "47"]
[EventDate "2014.??.??"]

1. e4 d5 2. exd5 Nf6 3. Bb5+ Bd7 4. Be2 Nxd5 5. d4 Bf5 6. Nf3 e6 7. O-O Bd6 8.
a3 O-O 9. c4 Nf4 10. Bxf4 Bxf4 11. Nc3 Nc6 12. d5 exd5 13. Nxd5 Bh6 14. Qb3 b6
15. Qb5 Ne7 16. Rad1 Be6 17. Nf6+ gxf6 18. Rxd8 Raxd8 19. Qh5 Nf5 20. g4 Ng7
21. Qxh6 Bxg4 22. Kh1 Bxf3+ 23. Bxf3 Rfe8 24. Rg1 1-0

[Event "MCR mladeze 2014, D12"]
[Site "Kouty nad Desnou"]
[Date "2014.03.12"]
[Round "6"]
[White "Kocourkova, Klara"]
[Black "Urbanova, Daniela"]
[Result "1-0"]
[WhiteElo "1297"]
[BlackElo "1239"]
[PlyCount "155"]
[EventDate "2014.03.08"]

1. Nf3 Nc6 2. d4 d5 3. c4 Nf6 4. cxd5 Nxd5 5. e4 Nf6 {2} 6. d5 Nb8 7.
Nc3 e6 8. Bc4 Bb4 9. Qa4+ c6 10. Qxb4 cxd5 11. exd5 exd5 12. Nxd5 Nxd5 13. Qb5+
Nc6 14. Qxd5 Qe7+ 15. Be3 Nb4 16. Bb5+ Kf8 17. Qc5 a6 18. Qxe7+ Kxe7 19. Bc5+
Kf6 20. Bxb4 axb5 21. O-O Re8 22. Bc5 Kg6 23. a3 h6 24. Rfe1 Be6 25. Nd4 Bd7
26. Nf3 Be6 27. Rad1 Rad8 28. h3 Kh7 29. Nd2 Bd5 30. f3 f5 31. Rxe8 Rxe8 32.
Nf1 Bc6 33. Ng3 Rf8 34. Nh5 Rf7 35. Nf4 Re7 36. Rd6 Be8 37. Ne6 Kg8 38. Bb4 Kf7
39. Nd8+ Kg8 40. Rb6 Rc7 41. Rxb7 Rc1+ 42. Kh2 Rd1 43. Ne6 Rd7 44. Rxd7 Bxd7
45. Nd4 Kf7 46. Kg3 g5 47. f4 Kf6 48. Kf3 g4+ 49. hxg4 fxg4+ 50. Ke3 h5 51. g3
Kf7 52. Ke4 Kf6 53. Kd5 h4 54. gxh4 g3 55. Be1 g2 56. Bf2 Kg6 57. Kc5 Kf6 58.
Nxb5 Kf5 59. a4 Kxf4 60. a5 Kf3 61. Bd4 Bc8 62. Nd6 Ba6 63. b4 Kg4 64. b5 Bxb5
65. Nxb5 Kxh4 66. a6 Kh3 67. Bg1 Kg3 68. a7 Kf3 69. a8=Q+ Kf4 70. Qxg2 Kf5 71.
Qe2 Kf4 72. Kd5 Kf5 73. Qf2+ Kg6 74. Qf4 Kg7 75. Qf5 Kg8 76. Qf6 Kh7 77. Bd4
Kg8 78. Qg7# 1-0

[Event "MCR mladeze 2014, D12"]
[Site "Kouty nad Desnou"]
[Date "2014.03.12"]
[Round "6"]
[White "Lorencova, Michaela"]
[Black "Otrubova, Kristyna"]
[Result "0-1"]
[WhiteElo "1256"]
[BlackElo "1192"]
[PlyCount "100"]
[EventDate "2014.03.08"]

1. e4 e5 2. Nf3 Nc6 3. Bc4 Bc5 4. c3 Nf6 5. d4 exd4 6. cxd4 Bb4+ 7. Bd2 Bxd2+
8. Nbxd2 d5 9. exd5 Nxd5 10. Qb3 Be6 11. O-O O-O 12. Rfe1 Rb8 13. Rac1 Re8 14.
Ne4 Na5 15. Qc2 Nxc4 16. Qxc4 c6 17. Nc5 Bg4 18. Rxe8+ Qxe8 19. Re1 Qd8 20. Qd3
Nb4 21. Qc3 Bxf3 22. Qxb4 a5 23. Qb3 Bd5 24. Qg3 h6 25. a3 b6 26. Nd3 Rc8 27.
Rc1 Be4 28. Qe3 Qd5 29. f3 Bf5 30. Ne5 Re8 31. Kf2 f6 32. Rxc6 fxe5 33. Rxb6
Qxd4 34. Qxd4 exd4 35. Rd6 d3 36. Rd5 Re2+ 37. Kf1 Bg6 38. Rxa5 Rxb2 39. Rd5
Re2 40. a4 Kf7 41. a5 Ra2 42. Ke1 Ke6 43. Rd4 Rxa5 44. Kd2 Ra2+ 45. Kd1 Rxg2
46. Rd8 Rxh2 47. Rd4 Ke5 48. Rd7 Kf4 49. Rxg7 Ke3 50. Rxg6 Rh1+ 0-1